The law of carriage of goods : (Record no. 77337)

MARC details
000 -LEADER
fixed length control field 00835nam a22002417a 4500
005 - DATE AND TIME OF LATEST TRANSACTION
control field 20130823115618.0
010 ## - LCCN (DPL NO)
LC control number ENG-107893
020 ## - INTERNATIONAL STANDARD BOOK NUMBER
Terms of availability 1200.00
International Standard Book Number 9788171772599
035 ## - SYSTEM CONTROL NUMBER
System control number EN-91426
037 ## - SOURCE OF ACQUISITION
Source of stock number/acquisition DBAD/PUB
082 ## - DEWEY DECIMAL CLASSIFICATION NUMBER
Classification number 343.0968
100 ## - MAIN ENTRY--PERSONAL NAME
Personal name Saharay, H.K.
245 00 - TITLE STATEMENT
Title The law of carriage of goods :
Statement of responsibility, etc by H.K. Saharay
Remainder of title containing merchant shipping, carriage of goods by sea, carriage by air and carriage of goods by road /
250 ## - EDITION STATEMENT
Edition statement 2nd ed
260 ## - PUBLICATION, DISTRIBUTION, ETC. (IMPRINT)
Place of publication, distribution, etc New Delhi
Name of publisher, distributor, etc Eastern Law House
Date of publication, distribution, etc 2013
270 ## - ADDRESS
Address 36, Netaji Subhash Marg, Daryaganj
City New Delhi
Postal code 110002
300 ## - PHYSICAL DESCRIPTION
Extent 63,983p.
Dimensions 26cm(Hb)
500 ## - GENERAL NOTE
General note Includes index
650 ## - SUBJECT ADDED ENTRY--TOPICAL TERM
Topical term or geographic name as entry element Carriers
General subdivision Law and legislation.
650 ## - SUBJECT ADDED ENTRY--TOPICAL TERM
Topical term or geographic name as entry element Freight and freightage
General subdivision Law and legislation.
650 ## - SUBJECT ADDED ENTRY--TOPICAL TERM
Topical term or geographic name as entry element Maritime law.
942 ## - ADDED ENTRY ELEMENTS (KOHA)
Source of classification or shelving scheme Dewey Decimal Classification
Item type English Books
Call number suffix SAH
Classification part 343.0968
Holdings
Withdrawn status Lost status Not for loan Collection code Home library Current library Date acquired Source of acquisition Cost, normal purchase price Full call number Barcode Copy number Cost, replacement price Koha item type
    Not For Loan Non-fiction D.B.Act.Division D.B.Act.Division 09/07/2013 DBAD/PUB 1200.00 343.0968 SAH EN-91426 1 1200.00 English Books

© Delhi Public Library
Hit Counter
free hit counter